Soccer Player 30 or More Goals in EPL By 1 Season - Sudden Death - Statistics

General Stats
  • This quiz has been taken 770 times
  • The average score is 4 of 10
Answers on the Grid
Answers color-coded by a green-red scale on the quiz's grid according to % correct below.
Alan Shearer
Alexis Sánchez
Andy Carroll
Andy Cole
Carlos Tevez
Chris Sutton
Cristiano Ronaldo
Didier Drogba
Eden Hazard
Éric Cantona
Erling Haaland
Floyd Hasselbaink
Frank Lampard
Harry Kane
Heung-min Son
Jamie Vardy
Jürgen Klinsmann
Kevin Phillips
Les Ferdinand
Luis Suárez
Matt Le Tissier
Micheal Owen
Mohamed Salah
Nicolas Anelka
Pierre-Emerick Aubameyang
Robbie Fowler
Robin van Persie
Romelu Lukaku
Sergio Agüero
Teddy Sheringham
Thierry Henry
Wayne Rooney
 
Answer Stats
Answer % Correct
Alan Shearer
81%
Erling Haaland
51%
Cristiano Ronaldo
44%
Harry Kane
44%
Mohamed Salah
35%
Luis Suárez
31%
Thierry Henry
28%
Andy Cole
26%
Robin van Persie
16%
Kevin Phillips
9%
No matching quizzes found
Score Distribution
Percent of People with Each Score
Percentile by Number Answered
Your Score History
You have not taken this quiz